| 000 | 00609nam a2200205Ia 4500 | ||
|---|---|---|---|
| 003 | OSt | ||
| 005 | 20230609111003.0 | ||
| 008 | 210423s2005 xx 000 0 und d | ||
| 040 | _cAL | ||
| 082 |
_a340 UNIS _223 |
||
| 100 |
_aCHILD RIGHTS TRUST _9123199 |
||
| 245 | _aSouth india consultation on issues impacting upon child rights 2005 | ||
| 260 |
_aMumbai _bChild Rights Trust _c2005 |
||
| 300 | _a1,32 | ||
| 365 | _cINR | ||
| 650 |
_aLaw _9123200 |
||
| 650 |
_aSocial Sciences _9123201 |
||
| 906 | _a2005 ; child ; consultation ; impacting ; india ; issues ; rights ; South ; upon | ||
| 942 |
_2ddc _cBK |
||
| 999 |
_c174192 _d174192 |
||